Normal view
MARC view
- Balbín, María Inés
Entry Nombre Personal
001 - NUMERO DE CONTROL
- campo de control: 32921
003 - IDENTIFICADOR DE NUMERO DE CONTROL
- campo de control: UPN
005 - FECHA Y HORA DE LA ÜLTIMA TRANSACCIÓN
- campo de control: 20210219194437.0
008 - DATOS DE LONGITUD FIJA
- campo de control de longitud fija: nabaccnnaabn|||||||||| b |nc|||||d
035 ## - NUMERO DE CONTROL
- Número de control: UPN11000005028
040 ## - FUENTE DE CATALOGACIÓN
- Lenguaje de catalogación: SPA
- Agencia de transcripción: UPN
053 #4 - NÚMERO DE CLASIFICACIÓN LC
- Número de clasificación elemento-número único o número inicial de tramo: PQ7798.12 A4.2
100 1# - ENCABEZAMIENTO - NOMBRE PERSONAL
- Nombre personal: Balbín, María Inés
670 ## - FUENTE EN LA QUE SE LOCALIZARON DATOS
- Cita de la fuente: T
- Uniform Resource Identifier: http://www.linkedin.com/pub/mar%C3%ADa-in%C3%A9s-balb%C3%ADn/24/416/523
680 ## - NOTA PUBLICA DE ACCESO PÚBLICO
- Frase explicativa de la referencia: Escritora argentina
902 ## - CATALOGADOR
- Catalogador: MITM/071212
